000 00617na a2200217 4500
001 17447
003 MIRAKIL
005 20181213154756.0
008 161024b tu 000 0
040 _aMilas
_btur
_cTR-AnCHP
041 _atur
082 _a621.8
_bM24 2013
090 _a621.8 M24 2013
245 _aMakine hikayeleri
_b50+
_chazırlayanlar Origami Medya ; editör Mustafa Ak
260 _aİstanbul
_bMoment Expo
_c2013
300 _a195 s.
_bfotg. ; tbl.
_c23 sm.
650 _aMakine mühendisliği
_xMakine tarihi
_zTürkiye
700 _aAk, Mustafa
710 _aOrigami Medya
942 _2ddc
_cBKS
999 _c659
_d659